00572nam a2200181 i 450000100060000000300090000600500170001500700030003200800410003510000270007624500390010325000150014226000350015730000270019285200320021999900170025195201220026851537ES-MaACL20230906162400.0t|030813s1971 sp ||||1| cat d1 aDalmau, José.94251413aLa fé, a debat / cJosep Dalmau. a[1ª ed.]. a[Barcelona : bPortic, c1971] aXIX, 233 p. ; c18 cm. aES-MaACLjC-49714 bR.80754 c51537d51537 00104070aATENEOMbATENEOMcDEPO2d2008-01-17eSCl0oC-49714p1054199r2023-02-23 00:00:00w2023-02-23yMONOGRAFIA